| 000 | 01200nam a2200349 4500 | ||
|---|---|---|---|
| 001 | 190 | ||
| 003 | OSt | ||
| 005 | 20250528074014.0 | ||
| 008 | 250131b |||||||g |||| 00| 1 eng d | ||
| 020 | _a8573387866 | ||
| 040 | _bpor | ||
| 041 |
_heng _apor |
||
| 082 |
_a028.5 _bD314r |
||
| 100 | 1 |
_aDefoe, Daniel, _d1661?-1731 _9347 |
|
| 240 | _aRobinson Crusoe | ||
| 245 |
_aRobinson Crusoe / _cDefoe, Daniel ; Tradução de Fernando Nuno e Ilustração de Marcelo Ribeiro |
||
| 260 |
_aSão Paulo _bDCL _c2003 |
||
| 300 | _a64 p. | ||
| 520 | _aDefoe antecipou, de certa forma, a chamada literatura realista, que só viria a ser predominante 150 anos depois. A forma de contar a história, com tamanho cuidado de detalhes, levou a maioria dos leitores a acreditar que se tratasse de um relato verdadeiro. | ||
| 650 | 0 |
_aLiteratura Inglesa _989 |
|
| 650 | 0 |
_aAdaptação _9788 |
|
| 650 | 0 |
_aInfantojuvenil _9200 |
|
| 650 | 0 |
_aAventura _947 |
|
| 650 | 0 |
_aViagens _9189 |
|
| 650 | 0 |
_aClássicos _977 |
|
| 650 | 0 |
_aFilme _926 |
|
| 655 | 0 |
_aRomance _923 |
|
| 655 | 0 |
_aFicção _922 |
|
| 700 |
_aFernando Nuno _eTradutor _9349 |
||
| 700 |
_aMarcelo Ribeiro _eIlustração _9350 |
||
| 942 |
_2ddc _n0 _cBK |
||
| 999 |
_c190 _d190 |
||